Регионална библиотека "Любен Каравелов" - Русе

Мати Болгария (Запис номер 108912)

MARC детайли
000 -Лидер
Контролно поле с фиксирана дължина 02047nam a2200349 c 4500
003 - Код на организацията, давaща контролен номер
Контролно поле BLK
005 - Дата и час на последна редакция
Контролно поле 20240229004017.0
008 - Елементи от данни с фиксирана дължина
fixed length control field 180409b bul|||||r ||||||| ||bul||
010 ## - Наследен системен номер
LC control number KNG00114223000
020 ## - Международен стандартен номер на книга ISBN
Международен стандартен номер на книга ISBN 954-739-370-7
-- издат.: Захарий Стоянов
040 ## - Източник на каталожния запис
Идентификатор на билиотеката - собственик на записа BLK
041 ## - Код за език
Код за езика на текст/звукозапис или на отделно заглавие Български
Код за езика КДБФ Български
080 ## - УДК
Текстов определител УДК Българска литература
УДК код - определител по УДК 821.163.2
УДК определител -83
УДК - код + определител 821.163.2-83
080 ## - УДК
Текстов определител УДК Българска литература
УДК код - определител по УДК 821.163.2
УДК определител -94
УДК - код + определител 821.163.2-94
100 1# - Редна дума - Автор
Автор Неофит Бозвели
Авторска отговорност първи автор
R(LIN) 365738
139 ## - Редно поле
Редна дума Неофит Бозвели
Авторски знак Нео - Н 57
245 10 - Сведения за заглавието
Заглавие Мати Болгария
Редно поле (дума) Неофит Бозвели; състав. Иван Гранитски.
257 ## - Страна на издаване
Страна на създаване/издаване България
260 ## - Област на издателските данни
-- София
Име на издателя, разпространителя и проч. Захарий Стоянов
Година на издаване 2003
Печатница София : Образование и наука
300 ## - Физическа характеристика
Страници 245 с.
Размери/Мащаб 20 см
380 ## - Жанр
Жанр Худож. лит.
490 1# - СЕРИИ (Колекции)
Име на серия Поредица Българска класика
№: серия 37
500 ## - Общи забележки
Забележка Съдържа и Речник за по-непознати и чужди думи в произведенията на Бозвели ; Редове от биографията / М. Куманов ; Мати Сербiа посестрима / А. Теодоров Балан ; Заветът на Мати Болгария / М. Арнаудов ; Неофит Бозвели или ходене по мъките / Б. Пенев ; Неофит Бозвели. Зараждащата се енергия на съпротивата / П. Анчев
600 14 - Име на лице, използвано като предмет
За него / За нея Неофит Бозвели
9 (RLIN) 365738
700 1# - Други автори (авторска отговорност)
Лично име Гранитски, Иван
Пълна форма на името Димитров, Иван Йорданов
Дати, свързани с автора 1953-
Друга информация Журналист, литературен критик, теоретик и историк, поет, публицист и издател.
Автороска отговорност (Описва отношението между автора и произведението) състав.
9 (RLIN) 55767
852 ## - Местоположение
Форматна сигнатура Цб 220421
856 4# - Електронен адрес и достъп
Електронен формат pdf - файл
Път до файла /url/
856 4# - Електронен адрес и достъп
Електронен формат pdf - файл
Път до файла /url/
942 ## - АРТИКУЛИ
Вид на библиотечния материал Книги
Скрит в OPAC Не
944 ## - СЪЗДАВАНЕ И РЕДАКЦИЯ на ЗАПИСА
Създаване/Редакция Създаване
Дата на регистрацията/редакция 16.07.2004
Служител, извършил регистрацията/редакцията
Статус, дата на статуса CRON CRON
944 ## - СЪЗДАВАНЕ И РЕДАКЦИЯ на ЗАПИСА
Създаване/Редакция Редакция
Дата на регистрацията/редакция 06.01.2009
Служител, извършил регистрацията/редакцията
999 ## - СИСТЕМНИ КОНТРОЛНИ НОМЕРА
Koha biblionumber 108912
Koha biblioitemnumber 108912
Наличности
Код за отписване Код за изгубен артикул Код за повреда Коз за рестрикции Код за отдаване Артикулен № Име на библиотеката - собственик Име на библиотеката, в която се намира в момента Статус (Текущо местоположение) Дата на вписване в системата Местоположение - отдел Цена в лева Инвентарен номер Систематично азбучна сигнатура Баркод Номер на екземпляра Цена в евро Служебна бележка Служебен тип на артикула
  Не е изгубен Не е повреден без рестрикции ползва се в читалня 175435 Регионална библиотека "Любен Каравелов" Русе Регионална библиотека "Любен Каравелов" Русе Хранилище 2004-07-16 Хранилище 5.00 120000687074 Цб 220421 120000687074 1 2.56 Дост: Dp Вид: Д N: 39 Дата: 17.09.2003 Книги
  Не е изгубен Не е повреден без рестрикции заемане за дома 175436 Регионална библиотека "Любен Каравелов" Русе Регионална библиотека "Любен Каравелов" Русе Заемна - подръчен фонд 2008-12-19 Заемна - подръчен фонд 5.00 120000732270 П 886.7-8/Н 57 120000732270 2 2.56 Дост: Ak Вид: Г N: 15 Дата: 19.12.2008 Дата инв: 13.02.2018 Бележки инв: П2018 Книги
Vip Innovations Ltd, Rousse, Bulgaria 2025